Most dangerous sports - Statistics

General Stats
  • This quiz has been taken 32 times
  • The average score is 2 of 8
Answer Stats
Chance of death Sport % Correct
1/142857 Skydiving
50%
1/2317 Base Jumping
47%
1/5872 Mountain Climbing
47%
1/3286 Cave diving
40%
1/30476 Horse Riding
30%
1/500000 Bungee Jumping
17%
1/116000 Hang-Gliding
13%
1/10000 Canoeing/Kayaking
3%
No matching quizzes found
Score Distribution
Percent of People with Each Score
Percentile by Number Answered
Your Score History
You have not taken this quiz